Quizzes
Events
Quiz Creation
Community
Videos
Private Events
Remove Ads
Sign In
Join for FREE
Feedback
Dark Mode
Quiz Categories
Sports
Geography
Music
Movies
Television
Just For Fun
Miscellaneous
History
Literature
Language
Science
Gaming
Entertainment
Religion
Holiday
For Kids
Quiz Lab
Recent
Popular Today
Quiz Kudos Today
Editor Picks
Curator Picks
Quizzes by...
Day
Popularity
Type
Ratings
Length
Year
Community
Subscriptions
Recent Discussions
Orange Saloon
Badges
Playlists
Quests
Create
Leaderboards
Showdown
Live 5
Trivia Bingo
Activity
Puzzle Library
Sporcle Events
Private Events
Virtual Trivia
Globe League
Become a Host
Pub Owners
SporcleCon
Opinionation
Our Games
Videos
Blog
Mobile Apps
Partnerships
Remove Ads and Go Orange
Feedback
Sports
Athletes
MLB
NBA
NHL
NFL
Soccer
Sports Teams
WWE
NCAA
Football
Premier League
Basketball
Baseball
Hockey
Golf
Tennis
Cricket
Rugby
Auto Racing
Olympics
World Cup
Sports
Athletes
MLB
NBA
NHL
NFL
Soccer
Sports Teams
WWE
NCAA
Football
Premier League
Basketball
Baseball
Hockey
Golf
Tennis
Cricket
Rugby
Auto Racing
Olympics
World Cup
Random Quiz
Search Sporcle
×
Quiz Lab
Quiz Lab
Sports
Baseball
Type in answers that appear in a list
Type in answers that appear in a list
Classic
Best Score? Go Orange.
MLB Multi-Hit Games Leaders (2000s) Stats
Can you name the top 5 MLB players with the most multi-hit games for each franchise from 2000-2010?
By
ironsij0287
15m
150 Questions
518 Plays
518 Plays
518 Plays
Comments
Comments
Give Quiz Kudos
Give Quiz Kudos
-
- Ratings
hide this ad
Replay
Link that replays current quiz
Next Quiz
Link to next quiz in quiz playlist
You Got
0%
They Got
Avg Score
70%
Avg Friend Score
Upgrade to see
Score Distribution
Jump to the score distribution portion of the page
Score
0/150
Timer
15:00
0
Plays Today
Team
Player
% Correct
New York Yankees
Derek Jeter
96.9%
Atlanta Braves
Chipper Jones
96.5%
Atlanta Braves
Andruw Jones
95.8%
Minnesota Twins
Jacque Jones
95.2%
Seattle Mariners
Ichiro Suzuki
94.2%
Boston Red Sox
Manny Ramirez
94%
Florida Marlins
Hanley Ramirez
94%
San Francisco Giants
Barry Bonds
94%
Arizona Diamondbacks
Luis Gonzalez
93.8%
San Diego Padres
Adrian Gonzalez
93.8%
Chicago Cubs
Aramis Ramirez
93.6%
Boston Red Sox
David Ortiz
93.4%
St. Louis Cardinals
Albert Pujols
93.1%
Colorado Rockies
Todd Helton
92.9%
New York Yankees
Alex Rodriguez
92.5%
Detroit Tigers
Ivan Rodriguez
92.1%
Chicago White Sox
Paul Konerko
91.9%
Houston Astros
Craig Biggio
91.1%
Florida Marlins
Miguel Cabrera
90.7%
Philadelphia Phillies
Jimmy Rollins
90.7%
Philadelphia Phillies
Chase Utley
90.5%
Milwaukee Brewers
Prince Fielder
90.3%
New York Mets
David Wright
90.3%
Texas Rangers
Michael Young
90.3%
Washington Nationals
Orlando Cabrera
90%
Chicago White Sox
Carlos Lee
89.8%
Houston Astros
Carlos Lee
89.8%
Chicago Cubs
Derrek Lee
89.6%
Milwaukee Brewers
Ryan Braun
89.6%
Houston Astros
Lance Berkman
89.2%
New York Mets
Jose Reyes
89.2%
Kansas City Royals
Carlos Beltran
89%
Minnesota Twins
Joe Mauer
89%
New York Mets
Carlos Beltran
89%
New York Yankees
Bernie Williams
89%
Philadelphia Phillies
Ryan Howard
88%
Los Angeles Angels
Vladimir Guerrero
87.6%
New York Yankees
Jorge Posada
87.6%
Washington Nationals
Vladimir Guerrero
87.6%
Houston Astros
Jeff Bagwell
87.3%
Minnesota Twins
Justin Morneau
87.1%
Baltimore Orioles
Miguel Tejada
86.9%
Oakland Athletics
Miguel Tejada
86.9%
Los Angeles Angels
Garret Anderson
85.9%
New York Mets
Carlos Delgado
85.3%
Toronto Blue Jays
Carlos Delgado
85.3%
Minnesota Twins
Torii Hunter
84.9%
Toronto Blue Jays
Vernon Wells
84.9%
Cleveland Indians
Grady Sizemore
84.6%
Tampa Bay Rays
Carl Crawford
83.8%
Team
Player
% Correct
Cincinnati Reds
Adam Dunn
83.6%
Chicago Cubs
Alfonso Soriano
83.2%
Chicago White Sox
Magglio Ordonez
83%
Detroit Tigers
Magglio Ordonez
83%
Cleveland Indians
Victor Martinez
82.4%
Cincinnati Reds
Ken Griffey Jr.
82.2%
Cleveland Indians
Travis Hafner
82.2%
St. Louis Cardinals
Jim Edmonds
82%
Baltimore Orioles
Brian Roberts
81.9%
Colorado Rockies
Matt Holliday
81.1%
Colorado Rockies
Larry Walker
81.1%
Los Angeles Dodgers
Adrian Beltre
80.5%
Oakland Athletics
Eric Chavez
80.5%
Seattle Mariners
Adrian Beltre
80.5%
Chicago White Sox
Jermaine Dye
80.3%
Cincinnati Reds
Brandon Phillips
79.9%
New York Yankees
Robinson Cano
79.7%
Pittsburgh Pirates
Jason Bay
79.7%
Los Angeles Dodgers
Matt Kemp
79%
Tampa Bay Rays
B.J. Upton
78.8%
Kansas City Royals
Mike Sweeney
78.6%
Washington Nationals
Ryan Zimmerman
78.4%
St. Louis Cardinals
Scott Rolen
77.4%
Los Angeles Dodgers
Shawn Green
76.4%
Cincinnati Reds
Joey Votto
76.1%
Oakland Athletics
Terrence Long
76.1%
Boston Red Sox
Jason Varitek
75.5%
Pittsburgh Pirates
Brian Giles
74.5%
San Diego Padres
Brian Giles
74.5%
Arizona Diamondbacks
Stephen Drew
74.3%
Atlanta Braves
Marcus Giles
74.3%
Florida Marlins
Mike Lowell
73.7%
Chicago Cubs
Sammy Sosa
73.6%
Boston Red Sox
Kevin Youkilis
73.2%
Baltimore Orioles
Melvin Mora
72%
Los Angeles Dodgers
Andre Ethier
71.4%
Philadelphia Phillies
Pat Burrell
71.4%
Pittsburgh Pirates
Jack Wilson
71.4%
Baltimore Orioles
Nick Markakis
71%
Philadelphia Phillies
Bobby Abreu
70.7%
New York Mets
Mike Piazza
70.3%
Tampa Bay Rays
Aubrey Huff
70.1%
Florida Marlins
Luis Castillo
69.5%
Texas Rangers
Mark Teixeira
69.3%
Detroit Tigers
Brandon Inge
68.5%
Toronto Blue Jays
Aaron Hill
67.8%
Seattle Mariners
Jose Lopez
66.8%
Pittsburgh Pirates
Freddy Sanchez
65.8%
Seattle Mariners
Bret Boone
65.8%
Texas Rangers
Rafael Palmeiro
65.1%
Team
Player
% Correct
Florida Marlins
Dan Uggla
64.9%
Atlanta Braves
Rafael Furcal
64.7%
Los Angeles Dodgers
Rafael Furcal
64.7%
St. Louis Cardinals
Edgar Renteria
63.9%
Arizona Diamondbacks
Steve Finley
62.7%
Washington Nationals
Jose Vidro
62.5%
Los Angeles Angels
Chone Figgins
61.6%
St. Louis Cardinals
Yadier Molina
61.2%
Los Angeles Angels
Darin Erstad
61%
Milwaukee Brewers
Geoff Jenkins
61%
Detroit Tigers
Carlos Guillen
59.8%
Seattle Mariners
Raul Ibanez
59.8%
Atlanta Braves
Brian McCann
59.7%
Detroit Tigers
Placido Polanco
59.5%
San Francisco Giants
Rich Aurilia
58.9%
Milwaukee Brewers
Corey Hart
58.3%
Texas Rangers
Ian Kinsler
57.7%
Pittsburgh Pirates
Jason Kendall
55.2%
Chicago White Sox
A.J. Pierzynski
51.9%
Colorado Rockies
Garrett Atkins
51.7%
San Diego Padres
Phil Nevin
51.7%
Toronto Blue Jays
Alexis Rios
51.5%
San Diego Padres
Ryan Klesko
49.8%
Houston Astros
Hunter Pence
49.4%
Colorado Rockies
Brad Hawpe
48.8%
Oakland Athletics
Mark Ellis
48.8%
Boston Red Sox
Trot Nixon
48.3%
Cincinnati Reds
Sean Casey
48.1%
Milwaukee Brewers
Bill Hall
46.9%
Texas Rangers
Hank Blalock
45%
Cleveland Indians
Casey Blake
41.9%
San Francisco Giants
Ray Durham
41.7%
Toronto Blue Jays
Shannon Stewart
39.8%
Chicago Cubs
Ryan Theriot
39%
Los Angeles Angels
Adam Kennedy
37.3%
Cleveland Indians
Jhonny Peralta
37.1%
Arizona Diamondbacks
Craig Counsell
36.7%
San Diego Padres
Khalil Greene
35.7%
Kansas City Royals
David DeJesus
34.9%
Minnesota Twins
Cristian Guzman
34.7%
Washington Nationals
Cristian Guzman
34.7%
San Francisco Giants
Randy Winn
31.9%
San Francisco Giants
Pedro Feliz
30.9%
Tampa Bay Rays
Julio Lugo
29.3%
Tampa Bay Rays
Rocco Baldelli
28.2%
Kansas City Royals
Joe Randa
24.5%
Arizona Diamondbacks
Chad Tracy
23.7%
Baltimore Orioles
Jay Gibbons
20.8%
Kansas City Royals
Mark Teahen
18.1%
Oakland Athletics
Mark Kotsay
16.6%
Quiz Playlist
Details
Report
Send in Message
Add To Playlist
Classic:
Type in answers that appear in a list
Quiz Source
Last Updated: Feb 16, 2017
Quiz Scoreboard
CHALLENGE
Sign Up to Join the Scoreboard
Show All
Scores
Hide
Comments
May contain spoilers
Recently Published
Billboard Blitz: Fleetwood Mac
by CooCooCachoo
Music
15s
Presidents Visiting Landmarks
by Hejman
History
7m
An Introduction to Baseball
by treessimontrees
Sports
5m
More to Explore
Quiz From the Vault
Featured Blog Post
Where Did the Easter Bunny Come From?
hide this ad
You Might Also Like...
Tags
Baseball Quiz
MLB Quiz
2000
2000s
franchise
Player
team
Today's Top Quizzes in Sports
Browse Sports
hide this ad
Today's Top Quizzes in Baseball
Browse Baseball
Top Contributed Quizzes in Sports
1
Les meilleurs buteurs des matchs entre le PSG et l’OM
2
2022 World Cup Stars
3
FIFA Club World Cup Champions
4
Les entraîneurs de l'OM et du PSG au 21e siècle
5
Criteria MLB: Left Handed Sluggers
6
Name the Premier League winners with different clubs
7
5-to-1: UK Sports Teams
8
AFC Teams Reveal (Wrong Answers Minefield)
9
Players with Multiple 50 Home Run Seasons
10
5-to-1: FBS Animal Nicknames
Explore More
Trending Topics
Disney
NBA
Harry Potter
Crossword
Anime
Marvel
Kpop
Pokémon
NFL
Puzzle
WWE
Country
The Office
Soccer
Song
hide this ad
More By:
ironsij0287
Quiz
Plays
Rating
Category
Featured
Created
Alphabetical US States
366,623
4.51
Geography
Sep 9, 2009
NBA Western Scoring Leaders (2000s)
315,052
4.60
Sports
Oct 3, 2010
MLB Home Run Leaders (1990s)
260,138
4.51
Sports
Aug 26, 2009
Beers of the World
255,892
4.10
Miscellaneous
Aug 4, 2009
NBA Eastern Scoring Leaders (2000s)
203,044
4.52
Sports
Oct 3, 2010
Go to Creator's Profile
Score Distribution
Quiz Creator Spotlight
ironsij0287
Follow
Send a Message
Quizzes Created
-
Created Quiz Play Count
-
More By This Creator
Popular Quizzes Today
1
Find the US States - No Outlines Minefield
2
Find the Countries of Europe - No Outlines Minefield
3
The Countries of the World
4
Find the US States
5
Risky Map Clicking: Biggest States A-Z
6
US States
7
Popular People in 1961
8
Movies - When Are They Set?
More Sports Quizzes
NFL Teams by NFL Pattern
Published
Trending Quizzes
Risky Map Clicking: Least Populous States A-Z
1-10 Letter G Words
1-10 Letter F Words
Risky Map Clicking: Next State Alphabetically
Risky Map Clicking: Biggest States A-Z
Recently Updated
Leaping Animals
pecheneg
Reality TV Shows (A-Z)
bhenderson79
Rickey Henderson's Hall of Fame Teammates
pecheneg
Champions League XIs: Arsenal
pecheneg
Quick Pick: Celebrities in WWE's Hall of Fame
aduchscher
A-Z Keypad Blitz II
pecheneg
Multiple Oscar Actors
pecheneg
Mystery Phrase Blitz: Oscar 'Best Actors'
pecheneg
F. Scott Fitzgerald Novels
LTH
Pick 3 Villains
ddd62291
Trending Topics
Marvel
Disney
Kpop
NBA
Crossword
Harry Potter
Anime
WWE
Country
NFL
Puzzle
Soccer
The Office
Song
Pokémon
Your Account Isn't Verified!
In order to create a playlist on Sporcle, you need to verify the email address you used during registration. Go to your
Sporcle Settings
to finish the process.
Report this User
Report this user for behavior that violates our
Community Guidelines
.
Details:
Send Report
Go to the Sporcle.com Mobile Site →
Comments